Daňová optimalizácia u právnických osôb

Podnikatelia a ich snaha o minimalizovanie ich daňových povinností, nelegálne formy. Jednou z foriem legálneho zníženia daňovej povinnosti je správna voľba metódy odpisovania. Technické zhodnotenie majetku využívaného na podnikanie. Finančný prenájom a doba odpisovania. Kurzové rozdiely a ich vplyv...

Description complète

Enregistré dans:
Détails bibliographiques
Auteur principal: Lukáčová, Anna
Format: Chapitre de livre
Langue:slovaque
Sujets:
Tags: Ajouter un tag
Pas de tags, Soyez le premier à ajouter un tag!

MARC

LEADER 00000naa$a2200000$$$4500
001 0035771
005 20231114083443.5
041 0 |a slo 
044 |a SK 
245 1 0 |a Daňová optimalizácia u právnických osôb  |c Anna Lukáčová 
520 |a Podnikatelia a ich snaha o minimalizovanie ich daňových povinností, nelegálne formy. Jednou z foriem legálneho zníženia daňovej povinnosti je správna voľba metódy odpisovania. Technické zhodnotenie majetku využívaného na podnikanie. Finančný prenájom a doba odpisovania. Kurzové rozdiely a ich vplyv na vykázaný základ dane. Umorovanie straty.. 
610 2 0 |a optimalizácia daňová 
610 2 0 |a podnikanie 
610 2 0 |a povinnosť daňová 
610 2 0 |a strata daňová 
610 2 0 |a výdavky 
610 2 0 |a osoby právnické 
100 1 |a Lukáčová, Anna